000 00624nam a2200241 a 4500
001 0001-1323
003 ELIB.Books
008 150806 2010 eng
020 _a0767904249
035 _a(ELIB.Books)0001-1478
092 _a306.7
_bCar
100 _aCarter-Scott, Cherie.
245 _aIf Love is a Game, These are the Rules
260 _aNew York
_bBroadway Books
_c1999
300 _a251
_c18 Cm
500 _aDr. Min Oo
650 _aMan-Woman Relationships
856 _nKBTS: Library
_uKBTS: Elib
942 _2ddc
_cBK
990 _a1
998 _cbat
_e2015-08-06
999 _c11323
_d11323